Geographical Features from 'N' - Statistics

General Stats
  • This quiz has been taken 59 times
  • The average score is 6 of 16
Answer Stats
Picture Hint Answer % Correct
Sea North
94%
Country Netherlands
91%
UK City Nottingham
74%
Desert Namib
72%
River Niger
61%
US City Nashville
54%
Country North Macedonia
52%
National Capital Nassau
39%
Island Norfolk
17%
Lake Nemi
4%
Coral Reef Ningaloo
2%
Fjord Nærøyfjord
0%
National Park Nahanni
0%
Mountain Narodnaya
0%
Bay Navarino
0%
Volcano Ngauruhoe
0%
No matching quizzes found
Score Distribution
Percent of People with Each Score
Percentile by Number Answered
Your Score History
You have not taken this quiz